跨越G2京沪高速的地铁线路 - Statistics

General Stats
  • This quiz has been taken 4 times
  • The average score is 2 of 15
Answers on the Grid
Answers color-coded by a green-red scale on the quiz's grid according to % correct below.
北京1号线
北京7号线
北京亦庄线
北京10号线
北京14号线
济南2号线
济南4号线
济南3号线
济南6号线
济南8号线
南京S5号线
上海11号线
上海14号线
苏州2号线
苏州4号线
苏州3号线
苏州5号线
苏州7号线
苏州11号线
苏州8号线
无锡1号线
无锡2号线
无锡5号线
无锡S1号线
上海嘉闵线
 
Answer Stats
Answer % Correct
北京10号线
67%
北京亦庄线
33%
上海11号线
33%
苏州2号线
33%
苏州5号线
33%
上海嘉闵线
0%
苏州11号线
0%
济南2号线
0%
无锡2号线
0%
济南3号线
0%
济南4号线
0%
苏州4号线
0%
无锡5号线
0%
苏州7号线
0%
苏州8号线
0%
No matching quizzes found
Score Distribution
Percent of People with Each Score
Percentile by Number Answered
Your Score History
You have not taken this quiz